005330000a2200157000450024500980000065000180009865000230011665000320013965000230017165100130019465300420020704100130024970000190026210000190028177300750030010aNew subspecies of Glossophaga commissarisi () from western Mexico14aMurciélagos14aNuevas subespecies14aDistribución geográfica14aTaxonomía animal 4pMéxico gGlossophagaeGlossophaga commissarisi0 aInglés1 aJones, J. Knox1 aWebster, David1 tOccasional Papers: Museum of Texas Tech University3430h76q1-6d1982